Economics (Record no. 1965)

MARC details
000 -LEADER
fixed length control field 00313nam a22001457a 4500
008 - FIXED-LENGTH DATA ELEMENTS--GENERAL INFORMATION
fixed length control field 260416b |||||||| |||| 00| 0 eng d
020 ## - INTERNATIONAL STANDARD BOOK NUMBER
International Standard Book Number 978-6755-897
082 ## - DEWEY DECIMAL CLASSIFICATION NUMBER
Classification number 560.77
Item number 1
100 ## - MAIN ENTRY--PERSONAL NAME
Personal name Gupta,Anshuman
245 ## - TITLE STATEMENT
Title Economics
250 ## - EDITION STATEMENT
Edition statement 2
942 ## - ADDED ENTRY ELEMENTS (KOHA)
Source of classification or shelving scheme Dewey Decimal Classification
Koha item type BOOKS
Suppress in OPAC No
Holdings
Withdrawn status Lost status Source of classification or shelving scheme Damaged status Not for loan Home library Current library Date acquired Total checkouts Barcode Date last seen Price effective from Koha item type
    Dewey Decimal Classification     Centerville Centerville 16/04/2026   202 16/04/2026 16/04/2026 BOOKS
    Dewey Decimal Classification     LAW COLLEGE LAW COLLEGE 16/04/2026     16/04/2026 16/04/2026 BOOKS